| 000 | 00784 a2200169 4500 | ||
|---|---|---|---|
| 003 | Nust | ||
| 005 | 20170207153948.0 | ||
| 040 | _cNust | ||
| 082 | _a355.02 | ||
| 100 | _aDonahue,Arthur Gerald | ||
| 245 |
_aTally-Ho! _cArthur Grerald donahue |
||
| 260 |
_aLondon _bMacmillan and co., limited _c1941 |
||
| 300 | _a190 p | ||
| 505 | _aA Farm Boy Goes Abroad (Page-1) Apprenticeship in War 1 (Page-13) Tally-ho (Page-32) Victory –and its Price (Page-48) Defeat (Page-63) recovery (page-76) Back to Work (page-84) Impatience (Page-94) Back To The Front – Ho Again (Page-105) Hun-Chasing (Page-119) A Day at War (Page-136) We Stage a Comeback (page-160) Interlude (Page-172) The Watch Over the Channel (Page-179) | ||
| 538 | _aAlmirah No.52, Shelf No.5 | ||
| 650 | _ayankee in a spitfire | ||
| 942 |
_2ddc _cBK |
||
| 999 |
_c190634 _d190634 |
||